| 000 | 00712nam a22002057a 4500 | ||
|---|---|---|---|
| 999 |
_c20623 _d20623 |
||
| 003 | AR-CdUCM | ||
| 008 | 190404b ||||| |||| 00| 0 spa d | ||
| 040 |
_aMUNICIPALIDAD PROVINCIAL DEL CUSCO _cBIBLIOTECA MUNICIPAL DEL CUSCO |
||
| 082 |
_a804.08 / _bM46 |
||
| 100 |
_aMeumann, E. _929268 |
||
| 245 | _aIntroducción a la estética actual / | ||
| 260 |
_aMadrid : _bCalpe, _c1923. |
||
| 300 |
_a160 páginas ; _c19 cm. |
||
| 505 | _aContenido : Fundamentos historicos de la estética actual -- Constitución de la estética actual -- Constitución de la estética empírica... | ||
| 650 |
_aArte _9561 |
||
| 650 |
_aLa estética _913800 |
||
| 650 |
_aBelleza _92629 |
||
| 942 |
_2ddc _cLIBROS |
||
| 945 | _arcc | ||